000 00273nam a22001217a 4500
008 170707b xxu||||| |||| 00| 0 eng d
041 _aeng
080 _a003
100 _a23
101 _aENC
245 _aTHE NEW ECYCLOPEDIA BRITANICA
_cSAFRA.J.E
942 _2udc
_cBK
999 _c20093
_d20093